Methodische verknüpfung von strategischen zielen der einzelnen balanced scorecard perspektiven mit der unternehmenstrategie
Gespeichert in:
| 1. Verfasser: | |
|---|---|
| Format: | Buchkapitel |
| Sprache: | Deutsch |
| Schlagworte: | |
| Tags: |
Keine Tags, Fügen Sie das erste Tag hinzu!
|
MARC
| LEADER | 00000nla$a2200000$$$4500 | ||
|---|---|---|---|
| 001 | 0100013 | ||
| 005 | 20240502072110.4 | ||
| 041 | 0 | |a ger | |
| 044 | |a SK | ||
| 245 | 1 | 0 | |a Methodische verknüpfung von strategischen zielen der einzelnen balanced scorecard perspektiven mit der unternehmenstrategie |c Nils, Karsten Rüdrich |
| 610 | 2 | 0 | |a metóda BSC |
| 610 | 2 | 0 | |a stratégia podnikateľská |
| 610 | 2 | 0 | |a stratégia podniková |
| 610 | 2 | 0 | |a riadenie kvality |
| 100 | 1 | |a Rüdrich, Nils Karsten | |